000 00659nam a2200205 a 4500
001 000024938
003 DO-SdBNP
005 20240927073748.0
008 100916s1947 dr 000 0 spa d
040 _aDO-SdBNP
_bspa
_cBNPHU
049 _aBNPD
082 _aRD860.9
_bB171p
100 1 _a Balaguer, Joaquín,
_d1906-2002
_976556
245 1 4 _aLos próceres escritores /
_cJoaquín Balaguer.
260 _aBuenos Aires :
_bImprenta Ferrari Hermanos,
_c1947.
300 _a306 p. ;
_c21 cm.
500 _aIncluye referencias bibliográficas y notas al pie de las páginas
650 1 4 _aLiteratura dominicana
_xHistoria y crítica
_9159
942 _2ddc
_cLBS1
999 _c24431
_d24431